| 000 | 01081nam a2200217Ia 4500 | ||
|---|---|---|---|
| 999 |
_c40021 _d40021 |
||
| 001 | 6627 | ||
| 003 | GE_BSU | ||
| 005 | 20190516184427.0 | ||
| 008 | 181216s1982||||ge |||||||||||||| ||geo|| | ||
| 040 | _cGE_BSU | ||
| 041 | _ageo | ||
| 080 | _a004.383(075.8) მ-23 | ||
| 100 |
_aმამარდაშვილი, გრ. _91116 |
||
| 245 |
_aელექტრონული ციფრული მანქანების არითმეტიკული საფუძვლები : _bდამხმ. სახელმძღვ. / _cგრ. მამარდაშვილი ; რედ. ი. გოგუაძე. |
||
| 264 |
_aთბილისი : _bგანათლება, _c1982. |
||
| 300 |
_a208 გვ. ; _c20 სმ. |
||
| 504 | _aბიბლიოგრ. : გვ.206. | ||
| 653 | _aელექტრონული ციფრული მანქანების არითმეტიკული საფუძვლები | ||
| 700 |
_aგოგუაძე, ი. _eრედაქტორი _9498 |
||
| 942 |
_cBK _2udc |
||